Southville International School and Colleges
Your cart is empty.
  • Cart
  • Lists
    Public lists Eva Luna New books Lux_list list_1
    Your lists Log in to create your own lists
  • Log in to your account
  • Your cookies
  • Search history
Southville International School and Colleges
  • Advanced search
  • Recent comments
  • Most popular
  • Libraries

Log in to your account

Log in with GOOGLE


If you do not have an external account, but do have a local account, you can still log in:

  1. Home
  2. MARC view: English grammar for dummies /
Normal view MARC view ISBD view

English grammar for dummies / (Record no. 118143)

[ view plain ]
MARC details
000 -LEADER
fixed length control field 00491nam a2200181Ia 4500
008 - FIXED-LENGTH DATA ELEMENTS--GENERAL INFORMATION
fixed length control field 140609s9999 xx 000 0 und d
020 ## - INTERNATIONAL STANDARD BOOK NUMBER
International Standard Book Number 9780470546642
050 ## - LIBRARY OF CONGRESS CALL NUMBER
Classification number PE 1112.3
Item number .W66 2010
100 ## - MAIN ENTRY--PERSONAL NAME
Personal name Woods, Geraldine.
245 ## - TITLE STATEMENT
Title English grammar for dummies /
Statement of responsibility, etc Geraldine Woods,
250 ## - EDITION STATEMENT
Edition statement 2nd ed.
260 ## - PUBLICATION, DISTRIBUTION, ETC. (IMPRINT)
Place of publication, distribution, etc Indiana :
Name of publisher, distributor, etc Wiley Pub., Inc.,
Date of publication, distribution, etc c2010.
300 ## - PHYSICAL DESCRIPTION
Extent 368 p. :
Other physical details ill. ;
Dimensions 24 cm.
500 ## - GENERAL NOTE
General note Includes index.
521 ## - TARGET AUDIENCE NOTE
Target audience note
942 ## - ADDED ENTRY ELEMENTS (KOHA)
Call number prefix Foreign
Koha item type Books
Holdings
Withdrawn status Lost status Source of classification or shelving scheme Damaged status Home library Current library Shelving location Date acquired Source of acquisition Cost, normal purchase price Total Checkouts Total Renewals Full call number Barcode Date last seen Date checked out Price effective from Koha item type
    Library of Congress Classification   College Library College Library General Circulation Section 06/09/2014 Donation 1.00 3 37 PE 1112.3 .W66 2010 C18431 05/15/2018 11/26/2015 06/09/2014 Books

English grammar for dummies /

APA

Woods G., . (2010). English grammar for dummies. Indiana: Wiley Pub., Inc.

Chicago

Woods Geraldine, . 2010. English grammar for dummies. Indiana: Wiley Pub., Inc.

Harvard

Woods G., . (2010). English grammar for dummies. Indiana: Wiley Pub., Inc.

MLA

Woods Geraldine, . English grammar for dummies. Indiana: Wiley Pub., Inc. 2010.

  • Place hold
  • Print
  • Cite
  • Add to your cart (remove)
  • Save record
    BIBTEX Dublin Core MARCXML MARC (non-Unicode/MARC-8) MARC (Unicode/UTF-8) MARC (Unicode/UTF-8, Standard) MODS (XML) RIS
  • More searches
    Search for this title in:
    Other Libraries (WorldCat) Other Databases (Google Scholar) Online Stores (Bookfinder.com) Open Library (openlibrary.org)

Exporting to Dublin Core...

SOUTHVILLE LIBRARY

Southville International School and Colleges Library

1281 Tropical Ave. Cor. Luxembourg St., BF Homes International, Las Pinas City

Tel. No. 8256374 / 252358 Loc. 117/146

Powered by Koha